LEADER 04249oam 2200565 450 001 9910137100903321 005 20230621140712.0 035 $a(CKB)3710000000824693 035 $a(oapen)https://directory.doabooks.org/handle/20.500.12854/42565 035 $a(EXLCZ)993710000000824693 100 $a20191103h20152015 fy| 0 101 0 $aeng 135 $aurc|#---||||| 181 $ctxt$2rdacontent 182 $cc$2rdamedia 183 $acr$2rdacarrier 200 04$aThe CA3 region of the hippocampus $ehow is it? what is it for? how does it do it? /$fedited by Enrico Cherubini and Richard Miles 210 $cFrontiers Media SA$d2015 210 1$a[Lausanne, Switzerland] :$cFrontiers Media SA,$d[2015] 210 4$d©2015 215 $a1 online resource (165 pages) $cillustrations (chiefly colour); digital file(s) 225 1 $aFrontiers Research Topics 311 08$aPrint version: The CA3 region of the hippocampus. [Lausanne, Switzerland] : Frontiers Media SA, 2015 2889196313 320 $aIncludes bibliographical references. 330 3 $aThe CA3 hippocampal region receives information from the entorhinal cortex either directly from the perforant path or indirectly from the dentate gyrus via the mossy fibers (MFs). According to their specific targets (principal/mossy cells or interneurons), MFs terminate with large boutons or small filopodial extensions, respectively. MF-CA3 synapses are characterized by a low probability of release and pronounced frequency-dependent facilitation. In addition MF terminals are endowed with mGluRs that regulate their own release. We will describe the intrinsic membrane properties of pyramidal cells, which can sometimes fire in bursts, together with the geometry of their dendritic arborization. The single layer of pyramidal cells is quite distinct from the six-layered neocortical arrangement. The resulting aligned dendrites provides the substrate for laminated excitatory inputs. They also underlie a precise, diversity of inhibitory control which we will also describe in detail. The CA3 region has an especially rich internal connectivity, with recurrent excitatory and inhibitory loops. In recent years both in vivo and in vitro studies have allowed to better understand functional properties of the CA3 auto-associative network and its role in information processing. This circuit is implicated in encoding spatial representations and episodic memories. It generates physiological population synchronies, including gamma, theta and sharp-waves that are presumed to associate firing in selected assemblies of cells in different behavioral conditions. The CA3 region is susceptible to neurodegeneration during aging and after stresses such as infection or injury. Loss of some CA3 neurones has striking effects on mossy fiber inputs and can facilitate the generation of pathologic synchrony within the CA3 micro-circuit. The aim of this special topic is to bring together experts on the cellular and molecular mechanisms regulating the wiring properties of the CA3 hippocampal microcircuit in both physiological and pathological conditions, synaptic plasticity, behavior and cognition. We will particularly emphasize the dual glutamatergic and GABAergic phenotype of MF-CA3 synapses at early developmental stages and the steps that regulate the integration of newly generated neurons into the adult dentate gyrus-CA3 circuit. 410 0$aFrontiers research topics. 606 $aHippocampus (Brain) 606 $aHippocampus (Brain)$xPhysiology 606 $aNeurobiology 606 $aNeurosciences 610 $aepisodic memory 610 $amossy fibers 610 $aAssociative network 610 $aspatial representation 610 $aCA3 subfield 610 $aHippocampus 610 $aTheta Rhythm 615 0$aHippocampus (Brain) 615 0$aHippocampus (Brain)$xPhysiology. 615 0$aNeurobiology. 615 0$aNeurosciences. 676 $a612.825 700 $aEnrico Cherubini$4auth$01364363 702 $aCherubini$b Enrico 702 $aMiles$b Richard$f1951- 801 0$bUkMaJRU 906 $aBOOK 912 $a9910137100903321 996 $aThe CA3 region of the hippocampus$93385570 997 $aUNINA LEADER 04898nam 22007335 450 001 9910591038603321 005 20251028125809.0 010 $a9783031099960$b(electronic bk.) 010 $z9783031099953 024 7 $a10.1007/978-3-031-09996-0 035 $a(MiAaPQ)EBC7080224 035 $a(Au-PeEL)EBL7080224 035 $a(CKB)24779277900041 035 $a(DE-He213)978-3-031-09996-0 035 $a(EXLCZ)9924779277900041 100 $a20220902d2022 u| 0 101 0 $aeng 135 $aurcnu|||||||| 181 $ctxt$2rdacontent 182 $cc$2rdamedia 183 $acr$2rdacarrier 200 10$aGoverning by Numbers and Human Capital in Education Policy Beyond Neoliberalism $eSocial Democratic Governance Practices in Public Higher Education /$fby Miriam Madsen 205 $a1st ed. 2022. 210 1$aCham :$cSpringer International Publishing :$cImprint: Springer,$d2022. 215 $a1 online resource (219 pages) 225 1 $aEducational Governance Research,$x2365-9556 ;$v19 311 08$aPrint version: Madsen, Miriam Governing by Numbers and Human Capital in Education Policy Beyond Neoliberalism Cham : Springer International Publishing AG,c2022 9783031099953 320 $aIncludes bibliographical references. 327 $aPart 1. Introduction -- Chapter 1. The rise of outcome indicators in educational governance -- Chapter 2. Methodological approaches: Studying graduate outcome metrics and educational governance -- Part 2. Quantification practices: Human capital and the value of higher education -- Chapter 3. Quantifying higher education with graduate outcome metrics -- Chapter 4. Graduate outcome metrics and the economization of education -- Part 3. Governance practices: Indicators, hierarchical pressures, and temporal-affective effects -- Chapter 5. Calculative governance instruments -- Chapter 6. The governing properties of numbers -- Part 4. Data reception: Subjectivities and amplified resource inequalities -- Chapter 7. Subjectivizing effects of graduate outcome data -- Chapter 8. Educational development effects of graduate outcome metrics -- Part 5. Conclusion -- Chapter 9. Governance hybridity and its implications for education and research on educational governance. 330 $aThis book addresses governing by numbers and human capital policy in higher education by asking how higher education is quantified, how the quantitative information is used in educational governance, and how the information is perceived by students, teachers, managers, and policymakers, and affects decision-making. It also thematically discusses how human capital theory affects the quantification practices and, thereby, their effects. Based on these analyses, the book asks whether governing by numbers and human capital in education policy are necessarily neoliberal practices, and thus questions the theory of global convergence in educational governance.The book provides a thorough analysis of the quantification of graduate outcomes based on the philosophical framework of Agential Realism, thus offering a novel analytical approach to the study of data and indicators in educational governance. The book draws on a comprehensive ethnographic case study from Danish higher education, and relates the findings from this case study to empirical cases in other countries and international research in the field. The book brings together literature from various fields, including political science, accounting, education, and sociology of quantification, in order to provide a comprehensive account of how quantification practices affect education. 410 0$aEducational Governance Research,$x2365-9556 ;$v19 606 $aEducation and state 606 $aEducation, Higher 606 $aEducational sociology 606 $aPublic administration 606 $aEducational Policy and Politics 606 $aHigher Education 606 $aSociology of Education 606 $aPublic Administration 606 $aEducació superior$2thub 606 $aPolítica educativa$2thub 606 $aRecursos humans$2thub 607 $aDinamarca$2thub 608 $aLlibres electrònics$2thub 615 0$aEducation and state. 615 0$aEducation, Higher. 615 0$aEducational sociology. 615 0$aPublic administration. 615 14$aEducational Policy and Politics. 615 24$aHigher Education. 615 24$aSociology of Education. 615 24$aPublic Administration. 615 7$aEducació superior 615 7$aPolítica educativa 615 7$aRecursos humans 676 $a371.2 676 $a378.009489 700 $aMadsen$b Miriam$01255827 801 0$bMiAaPQ 801 1$bMiAaPQ 801 2$bMiAaPQ 912 $a9910591038603321 996 $aGoverning by Numbers and Human Capital in Education Policy Beyond Neoliberalism$92911536 997 $aUNINA LEADER 03553nam 22007335 450 001 9910483962303321 005 20251113193631.0 010 $a9783030541934 010 $a3030541932 024 7 $a10.1007/978-3-030-54193-4 035 $a(CKB)4100000011528468 035 $a(MiAaPQ)EBC6382156 035 $a(DE-He213)978-3-030-54193-4 035 $a(PPN)253257050 035 $a(Perlego)3480603 035 $a(EXLCZ)994100000011528468 100 $a20201030d2021 u| 0 101 0 $aeng 135 $auruv#---aunu| 181 $ctxt$2rdacontent 182 $cc$2rdamedia 183 $acr$2rdacarrier 200 10$aPolicing County Lines $eResponses To Evolving Provincial Drug Markets /$fby Jack Spicer 205 $a1st ed. 2021. 210 1$aCham :$cSpringer International Publishing :$cImprint: Palgrave Macmillan,$d2021. 215 $a1 online resource 225 1 $aPalgrave Studies in Risk, Crime and Society,$x2946-2525 311 08$a9783030541927 311 08$a3030541924 320 $aIncludes bibliographical references and index. 327 $a1. Introduction -- 2. County Lines -- 3. Policing Drug Markets -- 4. Navigating A ?Newsy? Field -- 5. Policing A Crisis? -- 6. New Tactics -- 7. More Of The Same? -- 8. Drug Market Priorities -- 9. Conclusion. 330 $aThe County Lines phenomenon has become one of the most significant drug market developments in the UK over recent years. This book analyses how it is being responded to by the police in affected provincial areas. Drawing on unique ethnographic fieldwork, it takes readers into police stations and out onto the streets with officers, providing timely insight into the policing of this high profile and challenging drug market context. The book considers the use of new police tactics that have been proposed and familiar methods that officers regularly embarked on. Through a sophisticated theoretical framework it argues that the policing of County Lines can often be considered ?symbolic?, with concerns regularly placed on sending out strong messages that appear superficial when closely examined. Alongside this, however, there appears to be a progressive shift towards a more pragmatic drugs policing approach that embraces harm reduction principles.This cutting-edge research speaks to academicsin Criminology and Policing, and to practitioners and policy makers. 410 0$aPalgrave Studies in Risk, Crime and Society,$x2946-2525 606 $aCriminology 606 $aTransnational crime 606 $aJuvenile delinquents 606 $aOrganized crime 606 $aCommunity development 606 $aSocial service 606 $aCrime Control and Security 606 $aTransnational Crime 606 $aYouth Offending and Juvenile Justice 606 $aOrganized Crime 606 $aSocial Work and Community Development 615 0$aCriminology. 615 0$aTransnational crime. 615 0$aJuvenile delinquents. 615 0$aOrganized crime. 615 0$aCommunity development. 615 0$aSocial service. 615 14$aCrime Control and Security. 615 24$aTransnational Crime. 615 24$aYouth Offending and Juvenile Justice. 615 24$aOrganized Crime. 615 24$aSocial Work and Community Development. 676 $a363.450941 700 $aSpicer$b Jack$0966869 801 0$bMiAaPQ 801 1$bMiAaPQ 801 2$bMiAaPQ 906 $aBOOK 912 $a9910483962303321 996 $aPolicing county lines$92585199 997 $aUNINA